Score 0/17 Timer 02:00
1 Play Today
Clue Word % Correct
Shape of ItalyBOOT
97.5%
Canoe, for exampleBOAT
96.8%
Hammer or drill, for exampleTOOL
93.9%
What a pirate is afterLOOT
93.7%
→ Direction of gravity →DOWN
92.3%
DaybreakDAWN
92.1%
StoleTOOK
91.6%
→ Direct your vision towards →LOOK
91.6%
Not straightBENT
86.9%
Clue Word % Correct
BucketPAIL
85.5%
A feeling of hurtPAIN
83.5%
Peacock featureTAIL
82.9%
Difficult laborTOIL
82.4%
Impression in a surfaceDENT
80.9%
Portion of a measureBEAT
78.2%
He starts on row 2 or row 7PAWN
77.7%
→ Negative word of an imperative command →DON'T
75%

Today's Daily Dose

Missing Word
I Hardly Know Her!

Word Ladder
Sentence Ending

Quick Pick
Female Firsts

Get the Picture
Triathlon Sports

Remove Ads.
Support Sporcle.
Get the best of Sporcle when you Go Orange. This ad-free experience offers more features, more stats, and more fun while also helping to support Sporcle. Thank you for becoming a member.

You're not logged in!

Compare scores with friends on all Sporcle quizzes.
OR
Log In

Show Comments

Extras

Top Quizzes Today


Score Distribution

Your Account Isn't Verified!

In order to create a playlist on Sporcle, you need to verify the email address you used during registration. Go to your Sporcle Settings to finish the process.

Report this User

Report this user for behavior that violates our Community Guidelines.

Details: